Documento autógrafa de Don Antonio López de Santa Anna (Record no. 4616)

MARC details
000 -CABECERA
campo de control de longitud fija 01686nam a2200313 a 4500
001 - NÚMERO DE CONTROL
campo de control BRCA_4922
005 - FECHA Y HORA DE LA ÚLTIMA TRANSACCIÓN
campo de control 20190320204847.0
008 - DATOS DE LONGITUD FIJA--INFORMACIÓN GENERAL
campo de control de longitud fija 201010s1822----mx-#######---#000-0#spa-#
041 ## - CÓDIGO DE LENGUA
Código de lengua del texto/banda sonora o título independiente spa
044 ## - CÓDIGO DEL PAÍS DE LA ENTIDAD EDITORA/PRODUCTORA
Código MARC del país mx
084 ## - OTRO NÚMERO DE CLASIFICACIÓN
Número de clasificación DOC17
Número de documento/Ítem .L67
-- 1822
100 1# - ENTRADA PRINCIPAL--NOMBRE DE PERSONA
Nombre de persona López de Santa Anna, Antonio
Fechas asociadas al nombre 1794-1876
9 (RLIN) 12480
245 10 - MENCIÓN DE TÍTULO
Título Documento autógrafa de Don Antonio López de Santa Anna
Mención de responsabilidad, etc. Antonio López de Santa Anna, José Manuel de Herrera.
260 ## - PUBLICACIÓN, DISTRIBUCIÓN, ETC.
Lugar de publicación, distribución, etc. México
Fecha de publicación, distribución, etc. 1822
300 ## - DESCRIPCIÓN FÍSICA
Extensión [2] fojas
Dimensiones 29 x 20 cm
500 ## - NOTA GENERAL
Nota general Carta firmada en 1822
500 ## - NOTA GENERAL
Nota general Carta autógrafa de Don Antonio López de Santa Anna dirigida a Don José Manuel de Herrera, en ella le dá cuenta de la forma como a través del Teniente Mariano Rivera, ha entablado relaciones con el General español Don José Dávila pudiendo en esta forma conocer los planes del ejército español. Adjunto le envía la carta que le digiriera al General Dávila a través del Teniente Rivera para su conocimiento y le pide se la devuelva.
500 ## - NOTA GENERAL
Nota general El documento tiene la leyenda DOC. #26
500 ## - NOTA GENERAL
Nota general Papel con marca de agua
500 ## - NOTA GENERAL
Nota general Estado de conservación: Contiene lagunas en los márgenes, anotaciones con tinta roja y acidificación
506 0# - NOTA DE RESTRICCIONES AL ACCESO
Limitaciones de acceso Fondo reservado: para su consulta es necesario credencial de usuario y carta de motivos
546 ## - NOTA DE LENGUA/LENGUAJE
Nota de lengua/lenguaje Texto en: español de principios del siglo XIX
600 14 - PUNTO DE ACCESO ADICIONAL DE MATERIA--NOMBRE DE PERSONA
Nombre de persona López de Santa Anna, Antonio
Fechas asociadas al nombre 1794-1876
9 (RLIN) 12480
651 #4 - PUNTO DE ACCESO ADICIONAL DE MATERIA--NOMBRE GEOGRÁFICO
Nombre geográfico México
Subdivisión de forma Manuscrito
Subdivisión general Historia
Subdivisión cronológica Primeros gobiernos independientes, 1821-1824
9 (RLIN) 12481
700 1# - PUNTO DE ACCESO ADICIONAL--NOMBRE DE PERSONA
Nombre de persona Herrera, José
Títulos y otros términos asociados al nombre Canciller
Fechas asociadas al nombre 1776-1831
9 (RLIN) 12482
700 1# - PUNTO DE ACCESO ADICIONAL--NOMBRE DE PERSONA
Nombre de persona Rivera, Manriano
Títulos y otros términos asociados al nombre Teniente
9 (RLIN) 12483
902 ## - CATALOGADOR
Iniciales FDH
942 ## - ELEMENTOS DE PUNTO DE ACCESO ADICIONAL (KOHA)
Fuente del sistema de clasificación o colocación Library of Congress Classification
Tipo de ítem Koha Documentos
Holdings
Estado de retiro Estado de pérdida Estado dañado No para préstamo Localización permanente Ubicación/localización actual Fecha de adquisición Total de préstamos Signatura topográfica completa Código de barras Fecha visto por última vez Precio válido a partir de Tipo de ítem Koha
El ejemplar forma parte de la colección y puede ser consultado según las políticas vigentes.       Biblioteca del Museo Franz Mayer (Rogerio Casas-Alatriste) Biblioteca del Museo Franz Mayer (Rogerio Casas-Alatriste) 20/10/2010   DOC17 .L67 1822 4983 22/03/2019 22/03/2019 Documentos